Представление документа в формате RUSMARC

Поле Инд. ПП Название Значение
Тип записи a
Библиографический уровень a
001 Контрольный номер db2c51a61cae46a79370efa8e7940b2e
005 Дата корректировки 20181124200616.9
100 a Данные общей обработки 20181112 ||| 0rusy0189 ca
101 0_ a Язык текста rus
102 a Страна публикации RU
200 1_ f Первые сведения об ответственности Ю.В. Недилько
a Заглавие К вопросу о необходимости законодательного ограничения объема официального толкования норм права
b Общее обозначение материала Текст
210 d Дата издания 2017
461 _0 1 2000
a Закон и право
463 _0 1 2000
a №7
v С. 20-23
1 2101
d 2017
1 0016009e64f0af5406f813935ab0a72dc8b
606 a Основная рубрика Общая теория права
610 0_ a Ключевые слова ТЕОРИЯ ПРАВА
a Ключевые слова ТОЛКОВАНИЕ ПРАВА
700 _1 a Фамилия Недилько
b Имя Ю.В.
801 _0 a Страна RU
b Организация РГУП
c Дата составления 20181112
g Правила каталогизации PSBO
801 _1 a Страна RU
b Организация РГУП
c Дата составления 20181112
g Правила каталогизации PSBO
901 t Тип документа b
w Контрольный № источника 6009e64f0af5406f813935ab0a72dc8b
905 a Дата ввода 20181112